00691 2200229 4500001002100000005001700021008004100038020002200079035002500101040001200126082002000138084002000158090002000178245007800198260002700276300003500303500005400338650001600392700002000408850001200428990002100440INLIS00000000000109820141209144047.0  a978-979-29-4166-1 a0010-121400000000180 aYOPDYOG aDEP 005.262 Sho aDEP 005.262 Sho aDEP 005.262 Sho aSHORTCOURSE series :bmicrosoft visual C++ 2012c/ editor, P. Seno Wibowo aYogyakartabAndic2013 axi, 324 hlm.b: ilus. ;c23 cm aDiterbitkan atas kerjasama dengan Wahana Komputer aPemrograman aSeno Wibowo, P. aYOPDYOG aCB-D.112013-1076